Drapeaux du monde - Détails - Statistiques

Statistiques générales
  • Ce quiz a été pris 117 fois
  • Le résultat moyen est 20 sur 30
Statistiques - réponses
Par images Réponse % Correct
Brésil
100%
Canada
100%
Espagne
99%
Portugal
99%
Corée du Sud
97%
Mexique
92%
Serbie
89%
Sri Lanka
89%
Saint-Marin
85%
Slovénie
84%
Équateur
82%
Kazakhstan
77%
Liechtenstein
77%
Lesotho
67%
Haïti
66%
Belize
63%
Ouganda
63%
Papouasie-Nouvelle-Guinée
57%
Kiribati
55%
Tadjikistan
55%
Brunei
54%
Oman
43%
Gibraltar
40%
Dominique
39%
Zimbabwe
38%
Grenade
36%
Guinée Équatoriale
33%
Burundi
28%
Rwanda
25%
Népal
23%
Aucun quiz correspondant
Distribution des résultats
% des personnes avec chaque résultat
Percentile par nombre de réponses
Votre historique - résultats
Vous n’avez pas pris ce quiz